Catálogo
 En Linea

Evidencias cristianas / (Registro nro. 24814)

Detalles MARC
000 -CABECERA
campo de control de longitud fija 00707nam a2200217 a 4500
001 - NÚMERO DE CONTROL
campo de control 000025322
005 - FECHA Y HORA DE LA ÚLTIMA TRANSACCIÓN
campo de control 20200930023715.0
008 - DATOS DE LONGITUD FIJA--INFORMACIÓN GENERAL
campo de control de longitud fija 110214nuuuuuuuuxxu r 001 0 spa d
040 ## - FUENTE DE LA CATALOGACIÓN
Centro catalogador/agencia de origen DO-SdBNP
Lengua de catalogación spa
Centro/agencia transcriptor BNPHU
082 ## - NÚMERO DE LA CLASIFICACIÓN DECIMAL DEWEY
Número de clasificación xxxxx
Número de documento/Ítem M959e
049 ## - FONDOS LOCALES (OCLC)
Fondos de biblioteca BNGR
100 1# - ENTRADA PRINCIPAL--NOMBRE DE PERSONA
Nombre de persona Mullins, E. Y.
9 (RLIN) 49571
245 10 - MENCIÓN DE TÍTULO
Título Evidencias cristianas /
Mención de responsabilidad, etc. E. Y. Mullins ; traducción E. G. Domínguez.
260 ## - PUBLICACIÓN, DISTRIBUCIÓN, ETC.
Lugar de publicación, distribución, etc. Texas, Estados Unidos :
Nombre del editor, distribuidor, etc. El Paso,
Fecha de publicación, distribución, etc. [19??].
300 ## - DESCRIPCIÓN FÍSICA
Extensión 428 p. ;
Dimensiones 20 cm.
500 ## - NOTA GENERAL
Nota general Incluye notas al pie de las páginas.
500 ## - NOTA GENERAL
Nota general Incluye índice por capítulos.
500 ## - NOTA GENERAL
Nota general Incluye índice de nombres y asuntos.
500 ## - NOTA GENERAL
Nota general Incluye índice textual.
700 1# - PUNTO DE ACCESO ADICIONAL--NOMBRE DE PERSONA
Nombre de persona Domínguez, E. G.,
Término indicativo de función/relación tr.
9 (RLIN) 51862
Existencias
Estado de retiro Estado de pérdida Restricciones de uso No para préstamo Código de colección Localización permanente Ubicación/localización actual Ubicación en estantería Fecha de adquisición Número de inventario Total de préstamos Signatura topográfica completa Código de barras Fecha visto por última vez Precio válido a partir de Tipo de ítem Koha
        Monografías: Libros y Folletos General General En catalogación 14.02.2011 LF1   xxxxx M959e 25322-10 25.06.2020 25.06.2020 Préstamo en sala

Con tecnología Koha